000 00827nam a2200229 a 4500
001 48536
003 BD-RjUL
005 20211209054536.0
008 160814s1952 bg ||||| |||| 00| e ben d
020 _c: Tk 7.00
035 _a(BD-RjUL) 48655
040 _aBD-RjUL
_bben
_cBD-RjUL
041 _aben
082 _223
_a891.4408
_bMAH 1952
245 0 0 _aমাহে-নও :
_bসঙ্কলন /
_cসম্পাদক, আব্দুল কাদির
260 _aঢাকা :
_bপাকিস্তান পাবলিকেশনস,
_c১৯৫২
300 _a৫৫২ পৃ. ;
_c১৯ সেমি.
650 _aবাংলা সাহিত্য
_9146700
650 _aCollected essays
_9119543
700 _aকাদির, আব্দুল, সম্পাদক
_9145542
942 _2ddc
_cBK
999 _c48536
_d48536